000 00683cam a22002417a 4500
003 CHAP
005 20220329134826.0
008 971013s1977 r 00010 d
010 _a26558
011 _a27530
035 _a31631
040 _cCHAP
090 _aFolleto 4145
110 _aIsrael. Institute of Technology
_960648
245 0 _aGuide to standards and specifications at the library
260 _aHaifa :
_bIsrael Institute of Technology,
_c1977-78
300 _a36 p
590 _aCONVERSION
_b10
_c20130109
_lUCH01
_h1315
650 _aBibliotecas
_xNormas
_912525
901 _aBK
942 _cFOLL
949 _aFolleto 4145
_bBC
_cFOLL
_d-73153
_eTS1
_i31631
_mD
_si
999 _c26558
_d26558